000 01136nam a22003377a 4500
003 CHAP
005 20220329133621.0
008 971013s1993 r 00010 d
010 _a8621
011 _a9593
035 _a8828
040 _cCHAP
090 _aTesis
100 0 0 _aHernández Narvaez, Juana.
_954395
245 _aEvaluación de colectas de amaranto (Amaranthus spp L.) bajo dos niveles de fertilización potásica
260 _aChapingo, Méx. :
_bEl autor,
_c1993
300 _a71 h
502 _aTesis (Ing. Agr. Esp. en Fitotecnia) -- UACH. Departamento de Fitotecnia
590 _aALEPH
_b10
_c20130110
_lUCH01
_h1224
590 _aBATCH-UPD
_b10
_c20130110
_lUCH01
_h1212
590 _aBATCH-UPD
_b10
_c20130410
_lUCH01
_h0750
590 _aBATCH-UPD
_b10
_c20130914
_lUCH01
_h0303
590 _aCONVERSION
_b10
_c20130109
_lUCH01
_h1306
650 1 4 _aAmaranto.
_95109
650 1 4 _aFertilizantes potásicos.
_940644
650 1 4 _aFertilizantes
_xEfecto en amaranto.
_940478
650 1 4 _aPotasio
_xEfecto en amaranto.
_991088
901 _aBK
942 _cTESIS
949 _bBC
_cTES
_d-19184
_eTS1
_h26272
_i8828
_mD
_si
999 _c8621
_d8621